00373nam a2200097Ia 4500008004100000100001700041245007900058245001900137260000900156856011000165160531s9999 xx 000 0 und d aGan, Yong X. aContinuum Mechanics: Progress in Fundamentals and Engineering Applications cby Yong X. Gan c2012 uhttp://www.intechopen.com/books/continuum-mechanics-progress-in-fundamentals-and-engineering-applications